00709 a2200181 4500003000400000005001700004008004100021040000900062082001500071100003200086245005800118260002900176300000900205942003600214952013000250952013000380999001700510OSt20231108104915.0231108b |||||||| |||| 00| 0 eng d coclc a297bSUL/H aSullami, A Abdussalam91851 aHadees Nishedikalkku Marupadi /cA Abdussalam Sullami aKerala:bYuvatha,c2006. a192p 2ddccBKh297iSUL/Hk297mSUL/H 00102ddc40708ISLAMaMESbMEScISLd2024-01-06l0o297 SUL/Hp44437r2024-01-06 14:26:36t2v75.00w2024-01-06yBKzGL49R2 00102ddc40708ISLAMaMESbMEScISLd2024-01-06l0o297 SUL/Hp44436r2024-01-06 14:26:36t1v75.00w2024-01-06yBKzGL49R2 c42943d42943